000
00291nam a22001337a 4500
008
171027b xxu||||| |||| 00| 0 eng d
020
_a
0395267641
041
_a
eng
080
_2
2ND
_a
311
100
_a
55
101
_a
STA
245
_a
BUSINESS STATISTICS
_c
DANIEL,W.W
942
_2
udc
_c
BK
999
_c
36001
_d
36001